[Event "Athens of East GM-Open 2019"]
[Site "Madurai"]
[Date "2019.08.17"]
[Round "9.5"]
[White "Tukhaev, Adam"]
[Black "Karthikeyan, P.."]
[Result "1-0"]
[WhiteElo "2541"]
[BlackElo "2415"]
[Annotator "TA"]
[PlyCount "111"]
[EventDate "2019.08.11"]
[EventType "swiss"]
[EventCountry "IND"]
[SourceTitle "playchess.com"]
[Source "ChessBase"]
[SourceQuality "1"]

{[%evp 11,111,24,32,0,0,0,41,-8,-10,-12,0,-15,0,2,10,-1,31,22,38,41,40,7,38,27,27,25,20,24,22,28,27,27,70,63,75,70,69,68,79,75,76,76,70,64,79,72,81,81,89,83,87,67,91,85,89,85,95,95,111,95,93,80,95,95,127,122,184,169,172,154,161,155,145,145,145,143,296,180,202,202,202,198,186,140,229,248,248,235,237,221,367,368,367,367,360,311,347,336,512,472,1080,1031]} 1. Nf3 Nf6 2. g3 g6 3. Bg2 Bg7 4. O-O O-O 5. c4 c6 6. d4 d5 7. a4 {D78: Fianchetto Grünfeld: 6 0-0 c6} (7. Qb3 a5 8. cxd5 a4 9. Qd1 cxd5 10. Nc3 Ne4 11. Nxa4 Qa5 12. Nc3 Nxc3 13. bxc3 Qxc3 14. Bd2 Qa3 15. Qb3 Nc6 {0-1 (54) Cheparinov,I (2709)-Artemiev,V (2709) Skopje 2018}) 7... Bf5 8. Nc3 Ne4 9. Ne1 $146 {White is slightly better.} ({Predecessor:} 9. Nh4 Nxc3 10. bxc3 Be6 11. cxd5 cxd5 12. Qb3 Qd7 13. Qb5 Nc6 14. Re1 Rfd8 15. Ba3 Rac8 {½-½ (47) Emberland,E (1540)-Tangelder,Y (1537) Lillehammer 2013}) 9... Qd7 10. Nc2 Bh3 11. Qd3 Bxg2 12. Kxg2 Nxc3 13. bxc3 dxc4 (13... Rc8 {seems wilder.} 14. Rd1 Qe6 15. Ne3 Nd7 16. a5 b5) 14. Qxc4 Qd5+ 15. Qxd5 cxd5 16. Ba3 Re8 17. Rfb1 b6 18. a5 bxa5 19. Rb5 e6 20. Rxa5 Nc6 21. Ra6 $36 {[%mdl 2048] White is more active.} Rec8 22. Bc5 Bf8 23. Nb4 $1 {[%cal Rb4c6]} Bxc5 24. Nxc6 Bf8 25. Kf1 h5 26. h4 Rc7 27. Ke1 Kg7 28. Kd2 Rac8 29. Nxa7 Rb8 30. Rc6 Rcb7 31. Kd3 Rb3 32. Rca6 Bb4 33. Rc1 $1 Ba3 34. Rc2 $1 Bb2 35. Rc6 R8b7 36. Nc8 Kf8 37. e4 dxe4+ 38. Kxe4 Kg7 (38... Ba3 $16 39. c4 Rb1) 39. Nd6 Rd7 40. Kd3 Ba3 41. Nc4 Be7 42. Rb6 Rxb6 43. Nxb6 $16 {[%mdl 4096] Endgame KRB-KRN} Rd6 $2 (43... Rd8 $16 {was called for.} 44. Ra2 e5) 44. Rb2 Rd8 45. Rb5 Bf6 46. Nc4 Ra8 47. Ra5 Rb8 (47... Rxa5 $16 48. Nxa5 g5) 48. Ra7 $18 Kf8 49. Nd6 Be7 50. Nb7 g5 {[#]} (50... f6 {is a better defense.} 51. Nc5 Kf7) 51. hxg5 $1 Bxg5 52. c4 {[%cal Bc3c4,Bc4c5,Bc5c6][%mdl 32]} h4 {[#]} 53. gxh4 $1 Bxh4 54. c5 Bxf2 (54... f5 $142 55. Nd6 Be7) 55. Nd6 f5 (55... Bg3 $142 56. Rxf7+ Kg8) 56. c6 {Accuracy: White = 81%, Black = 40%.} 1-0

[Event "Athens of East GM-Open 2019"]
[Site "Madurai"]
[Date "2019.08.17"]
[Round "9.6"]
[White "Murali Krishnan B T"]
[Black "Shyaamnikhil P"]
[Result "0-1"]
[WhiteElo "2192"]
[BlackElo "2456"]
[Annotator "ChessBase"]
[PlyCount "99"]
[EventDate "2019.08.11"]
[EventType "swiss"]
[EventCountry "IND"]
[SourceTitle "playchess.com"]
[Source "ChessBase"]
[SourceQuality "1"]
[TimeControl "5400+30"]

1. d4 {[%emt 0:00:00]} d6 {[%emt 0:00:19]} 2. Nf3 {[%emt 0:01:20]} Bg4 {[%emt 0:02:09]} 3. Nbd2 {[%emt 0:06:24]} Nf6 {[%emt 0:02:24]} 4. h3 {[%emt 0:00:36]} Bf5 {[%emt 0:03:07]} 5. g3 {[%emt 0:01:01]} h6 {[%emt 0:13:12]} 6. Bg2 {[%emt 0:00:50]} c6 {[%emt 0:00:50]} 7. b3 {[%emt 0:04:11]} Nbd7 {[%emt 0:05:19]} 8. Bb2 {[%emt 0:00:11]} e6 {[%emt 0:01:15]} 9. O-O {[%emt 0:09:12]} Be7 {[%emt 0:02:21]} 10. Re1 {[%emt 0:01:35]} Bh7 {[%emt 0:00:43]} 11. e4 {[%emt 0:00:27]} d5 {[%emt 0:00:06]} 12. exd5 {[%emt 0:06:55]} cxd5 {[%emt 0:02:47]} 13. c4 {[%emt 0:00:28]} dxc4 {[%emt 0:01:30]} 14. bxc4 {[%emt 0:04:40]} O-O {[%emt 0:00:11]} 15. Qb3 {[%emt 0:01:59]} Rc8 {[%emt 0:01:10]} 16. Ba3 {[%emt 0:07:21]} Rc7 {[%emt 0:02:55]} 17. Rac1 {[%emt 0:03:53]} b6 {[%emt 0:01:31]} 18. Bf1 {[%emt 0:05:36]} Re8 {[%emt 0:00:24]} 19. Bd3 {[%emt 0:03:05]} Bxd3 {[%emt 0:03:20]} 20. Qxd3 {[%emt 0:00:02]} Bxa3 {[%emt 0:03:46]} 21. Qxa3 {[%emt 0:00:07]} Qa8 {[%emt 0:00:11]} 22. Qa4 {[%emt 0:14:21]} Rec8 {[%emt 0:01:18]} 23. Rc2 {[%emt 0:02:01]} Qb7 {[%emt 0:01:37]} 24. Qb3 {[%emt 0:01:15]} Rc6 {[%emt 0:02:43]} 25. Rec1 {[%emt 0:02:42]} Qc7 {[%emt 0:01:04]} 26. a4 {[%emt 0:02:47]} e5 {[%emt 0:02:58]} 27. a5 {[%emt 0:06:08]} bxa5 {[%emt 0:05:47]} 28. Qa3 {[%emt 0:05:00]} a4 {[%emt 0:06:48]} 29. c5 {[%emt 0:01:25]} exd4 {[%emt 0:02:22]} 30. Nxd4 {[%emt 0:01:38]} Rxc5 {[%emt 0:00:09]} 31. Qxa4 {[%emt 0:00:29]} Qb7 {[%emt 0:02:48]} 32. Rxc5 {[%emt 0:02:48]} Rxc5 {[%emt 0:28:56]} 33. Ra1 {[%emt 0:00:23]} Nb6 {[%emt 0:00:00]} 34. Qa3 {[%emt 0:02:51]} Rc7 {[%emt 0:00:00]} 35. Qf3 {[%emt 0:00:18]} Nbd5 {[%emt 0:00:00]} 36. Ne4 {[%emt 0:00:44]} Qb2 {[%emt 0:00:00]} 37. Nxf6+ {[%emt 0:00:45]} Nxf6 {[%emt 0:00:00]} 38. Rd1 {[%emt 0:00:23]} Rc1 {[%emt 0:00:00]} 39. Rxc1 {[%emt 0:00:27]} Qxc1+ {[%emt 0:00:00]} 40. Kg2 {[%emt 0:00:03]} Qc5 {[%emt 0:00:00]} 41. Nc6 {[%emt 0:03:01]} a5 {[%emt 0:00:00]} 42. Nd8 {[%emt 0:00:54]} a4 {[%emt 0:00:00]} 43. Kh2 {[%emt 0:00:41]} a3 {[%emt 0:00:00]} 44. Qa8 {[%emt 0:00:19]} Qxf2+ {[%emt 0:00:00]} 45. Kh1 {[%emt 0:00:03]} Qe1+ {[%emt 0:00:00]} 46. Kh2 {[%emt 0:00:08]} Qd2+ {[%emt 0:00:00]} 47. Kg1 {[%emt 0:00:13]} Qc1+ {[%emt 0:00:00]} 48. Kg2 {[%emt 0:00:10]} Qb2+ {[%emt 0:00:00]} 49. Kf3 {[%emt 0:00:12]} Kh7 {[%emt 0:00:00]} 50. Nxf7 {[%emt 0:01:15]} 0-1

[Event "Athens of East GM-Open 2019"]
[Site "Madurai"]
[Date "2019.08.17"]
[Round "9.7"]
[White "Khusenkhojaev, Muhammad"]
[Black "Hari Madhavan N B"]
[Result "1/2-1/2"]
[WhiteElo "2441"]
[BlackElo "2231"]
[Annotator "NA"]
[PlyCount "118"]
[EventDate "2019.08.11"]
[EventType "swiss"]
[EventCountry "IND"]
[SourceTitle "playchess.com"]
[Source "ChessBase"]
[SourceQuality "1"]
[TimeControl "5400+30"]

1. d4 {[%emt 0:02:14]} d5 {[%emt 0:00:00]} 2. c4 {[%emt 0:00:10]} c6 {[%emt 0:00:00]} 3. Nf3 {[%emt 0:00:05]} Nf6 {[%emt 0:00:00]} 4. Qc2 {[%emt 0:00:05]} dxc4 {[%emt 0:00:19]} 5. e4 {[%emt 0:00:08]} (5. Qxc4 Bg4 6. Nbd2 Nbd7 7. g3 e6 8. Bg2 Bd6 9. Qb3 Nb6 10. O-O O-O 11. Re1 a5 12. e4 a4 13. Qc3 Re8 14. a3 {1-0 (64) Yu,Y (2764)-Kovalenko,I (2657) St Petersburg 2018}) 5... b5 {[%emt 0:00:34]} 6. b3 {[%emt 0:00:07] D11: Slav Defence: 3 Nf3 sidelines and 3...Nf6 4 e3 Bg4} cxb3 {[%emt 0:01:24]} 7. axb3 {[%emt 0:00:07]} e6 {[%emt 0:00:36]} 8. Bd2 {[%emt 0:00:08]} a5 {[%emt 0:03:33]} 9. Bd3 {[%emt 0:00:11]} Be7 {[%emt 0:01:05]} 10. O-O {[%emt 0:00:38]} h6 {[%emt 0:00:06]} 11. Rc1 {[%emt 0:03:20]} Bb7 $146 {[%emt 0:01:53]} ({Predecessor:} 11... O-O 12. Nc3 {1-0 (32) Larson,M (2220)-Ayala Pena,E (2201) Brownsville 2016}) 12. Nc3 {[%emt 0:00:07]} O-O {[%emt 0:00:21]} 13. e5 {[%emt 0:00:10]} Nfd7 {[%emt 0:08:57]} 14. Ne4 {[%emt 0:00:50]} b4 {[%emt 0:00:49]} 15. Be3 {[%emt 0:10:41]} c5 {[%emt 0:06:31]} 16. dxc5 {[%emt 0:00:49]} Bd5 {[%emt 0:00:09]} 17. Bc4 {[%emt 0:17:44]} Nc6 {[%emt 0:01:16]} 18. Bf4 {[%emt 0:00:12]} (18. Bxd5 $1 $11 exd5 19. Nd6) 18... f6 {[%emt 0:11:41]} (18... g5 $15 19. Be3 Bxc4 20. Qxc4 Ndxe5 21. Nxe5 Nxe5) 19. Bxd5 {[%emt 0:03:24]} exd5 {[%emt 0:00:12]} 20. exf6 {[%emt 0:00:19]} Nxf6 {[%emt 0:00:32]} 21. Nd6 {[%emt 0:04:04]} Ne4 $1 {[%emt 0:05:46]} 22. Qd3 {[%emt 0:02:37]} Rxf4 {[%emt 0:01:20]} 23. Qxd5+ {[%emt 0:00:05] Double Attack} Kh8 {[%emt 0:00:30]} 24. Qxc6 {[%emt 0:00:20]} Nxd6 {[%emt 0:00:27]} 25. cxd6 {[%emt 0:00:50]} Bxd6 {[%emt 0:00:30]} 26. Rd1 {[%emt 0:06:02]} Rf6 {[%emt 0:02:09]} 27. Qd5 {[%emt 0:00:40]} Qg8 {[%emt 0:04:08]} 28. Qd3 {[%emt 0:04:54]} Rd8 {[%emt 0:02:51]} 29. Kf1 {[%emt 0:00:12]} Be7 {[%emt 0:06:07]} 30. Qe3 {[%emt 0:00:09]} Qe6 {[%emt 0:01:25]} 31. Rxd8+ {[%emt 0:06:42]} Bxd8 {[%emt 0:00:17]} 32. Qd3 {[%emt 0:00:37]} Qa6 {[%emt 0:00:50]} 33. Qxa6 {[%emt 0:01:11]} Rxa6 {[%emt 0:00:11]} 34. Nd2 {[%emt 0:00:57]} Rd6 {[%emt 0:00:30]} 35. Ne4 {[%emt 0:01:54]} Rc6 {[%emt 0:02:26]} 36. Rd1 {[%emt 0:08:38]} Bc7 {[%emt 0:02:43]} 37. g3 {[%emt 0:01:56]} Rc2 {[%emt 0:01:07]} 38. Rd3 {[%emt 0:01:20]} Ra2 {[%emt 0:02:27]} 39. Rd7 {[%emt 0:03:22]} Be5 {[%emt 0:01:22]} 40. Rd5 {[%emt 0:00:10]} Bc3 {[%emt 0:01:10]} 41. Nc5 {[%emt 0:00:37]} Ra3 {[%emt 0:02:38]} 42. Ke2 {[%emt 0:02:15]} a4 $11 {[%emt 0:02:04]} 43. bxa4 {[%emt 0:05:40]} b3 {[%emt 0:00:11]} 44. Ne4 {[%emt 0:00:24]} Bb4 {[%emt 0:05:27]} 45. Rd4 {[%emt 0:00:35]} Ba5 {[%emt 0:00:09]} 46. Rd5 {[%emt 0:03:44]} Rxa4 {[%emt 0:00:28]} 47. Kd3 {[%emt 0:00:10]} Bb6 {[%emt 0:02:49]} 48. Rb5 {[%emt 0:07:59]} Rd4+ {[%emt 0:00:17]} 49. Kc3 {[%emt 0:00:04]} Rxe4 {[%emt 0:00:08]} 50. Rxb6 {[%emt 0:00:08]} Re2 {[%emt 0:00:09]} 51. Rxb3 {[%emt 0:01:33]} Rxf2 {[%emt 0:00:09]} 52. Rb2 {[%emt 0:00:03]} Rf3+ {[%emt 0:01:13]} 53. Kd4 {[%emt 0:00:07]} Kh7 {[%emt 0:00:05]} 54. Ke4 {[%emt 0:00:04]} Ra3 {[%emt 0:00:05]} 55. Kf4 {[%emt 0:00:20]} Ra4+ {[%emt 0:00:05]} 56. Kf3 {[%emt 0:00:09]} Ra3+ {[%emt 0:00:03]} 57. Kf4 {[%emt 0:00:10]} Ra4+ {[%emt 0:00:04]} 58. Kf3 {[%emt 0:00:04]} Ra3+ {[%emt 0:00:03]} 59. Kf4 {[%emt 0:00:05]} Ra4+ {[%emt 0:00:07]} 1/2-1/2

[Event "Athens of East GM-Open 2019"]
[Site "Madurai"]
[Date "2019.08.17"]
[Round "9.8"]
[White "Prasannaa.s"]
[Black "Laxman, R.R."]
[Result "0-1"]
[WhiteElo "2233"]
[BlackElo "2429"]
[Annotator "ChessBase"]
[PlyCount "83"]
[EventDate "2019.08.11"]
[EventType "swiss"]
[EventCountry "IND"]
[SourceTitle "playchess.com"]
[Source "ChessBase"]
[SourceQuality "1"]
[TimeControl "5400+30"]

1. a3 {[%emt 0:00:00]} d5 {[%emt 0:01:54]} 2. b4 {[%emt 0:00:00]} Bg4 {[%emt 0:01:35]} 3. Bb2 {[%emt 0:00:00]} Nd7 {[%emt 0:00:31]} 4. d3 {[%emt 0:01:51]} e5 {[%emt 0:01:27]} 5. Nd2 {[%emt 0:00:06]} a5 {[%emt 0:00:35]} 6. b5 {[%emt 0:00:48]} Ngf6 {[%emt 0:01:59]} 7. h3 {[%emt 0:04:57]} Bh5 {[%emt 0:01:14]} 8. g4 {[%emt 0:00:10]} Bg6 {[%emt 0:00:02]} 9. Bg2 {[%emt 0:00:05]} c6 {[%emt 0:05:04]} 10. c4 {[%emt 0:09:59]} Bc5 {[%emt 0:05:17]} 11. Ngf3 {[%emt 0:00:48]} cxb5 {[%emt 0:01:11]} 12. cxd5 {[%emt 0:00:34]} h5 {[%emt 0:01:58]} 13. Nh4 {[%emt 0:13:17]} Qb6 {[%emt 0:01:58]} 14. O-O {[%emt 0:02:11]} hxg4 {[%emt 0:00:09]} 15. Nxg6 {[%emt 0:00:06]} fxg6 {[%emt 0:00:11]} 16. hxg4 {[%emt 0:00:33]} Nxg4 {[%emt 0:00:27]} 17. Ne4 {[%emt 0:00:05]} Qd8 {[%emt 0:06:49]} 18. e3 {[%emt 0:00:41]} Qh4 {[%emt 0:01:02]} 19. Re1 {[%emt 0:00:07]} Bxe3 {[%emt 0:01:43]} 20. Rxe3 {[%emt 0:02:10]} Qh2+ {[%emt 0:00:24]} 21. Kf1 {[%emt 0:00:08]} Nxe3+ {[%emt 0:00:02]} 22. fxe3 {[%emt 0:00:07]} O-O+ {[%emt 0:00:04]} 23. Nf2 {[%emt 0:02:27]} Rxf2+ {[%emt 0:00:07]} 24. Kxf2 {[%emt 0:00:01]} Rf8+ {[%emt 0:00:02]} 25. Qf3 {[%emt 0:01:48]} Qh4+ {[%emt 0:00:13]} 26. Kf1 {[%emt 0:01:05]} Rxf3+ {[%emt 0:00:03]} 27. Bxf3 {[%emt 0:00:04]} Qg3 {[%emt 0:00:25]} 28. Be4 {[%emt 0:01:04]} Nf6 {[%emt 0:00:10]} 29. Rd1 {[%emt 0:01:06]} Nxe4 {[%emt 0:00:48]} 30. dxe4 {[%emt 0:00:01]} Qf3+ {[%emt 0:00:10]} 31. Ke1 {[%emt 0:00:27]} Qxe3+ {[%emt 0:00:02]} 32. Kf1 {[%emt 0:00:07]} Qf3+ {[%emt 0:00:04]} 33. Ke1 {[%emt 0:00:06]} Qxe4+ {[%emt 0:00:03]} 34. Kf1 {[%emt 0:00:50]} Qh1+ {[%emt 0:00:06]} 35. Ke2 {[%emt 0:00:04]} Qg2+ {[%emt 0:00:04]} 36. Ke1 {[%emt 0:01:50]} Qxb2 {[%emt 0:00:07]} 37. d6 {[%emt 0:00:03]} Qc3+ {[%emt 0:00:17]} 38. Ke2 {[%emt 0:00:36]} Qc2+ {[%emt 0:00:06]} 39. Rd2 {[%emt 0:00:38]} Qxd2+ {[%emt 0:00:02]} 40. Kxd2 {[%emt 0:00:06]} Kf7 {[%emt 0:00:03]} 41. d7 {[%emt 0:00:13]} Ke7 {[%emt 0:00:01]} 42. Ke1 {[%emt 0:01:54]} 0-1

[Event "Athens of East GM-Open 2019"]
[Site "Madurai"]
[Date "2019.08.17"]
[Round "9.9"]
[White "Muthaiah AL"]
[Black "Baivab Mishra"]
[Result "1-0"]
[WhiteElo "2384"]
[BlackElo "2215"]
[Annotator "NA"]
[PlyCount "91"]
[EventDate "2019.08.11"]
[EventType "swiss"]
[EventCountry "IND"]
[SourceTitle "playchess.com"]
[Source "ChessBase"]
[SourceQuality "1"]
[TimeControl "5400+30"]

1. c4 {[%emt 0:00:00]} c5 {[%emt 0:02:53]} 2. Nc3 {[%emt 0:00:08]} g6 {[%emt 0:00:11]} 3. Nf3 {[%emt 0:07:33]} Bg7 {[%emt 0:00:13]} 4. d4 {[%emt 0:00:15]} cxd4 {[%emt 0:00:26]} 5. Nxd4 {[%emt 0:00:15]} Nc6 {[%emt 0:00:04]} 6. Nc2 {[%emt 0:00:27]} d6 {[%emt 0:06:05]} 7. g3 {[%emt 0:01:43]} h5 {[%emt 0:05:39] A35: Symmetrical English: 2 Nc3 Nc6 3 Nf3} (7... Be6 8. Nd5 Rc8 9. Bg2 h5 10. h3 Na5 11. Nce3 Qd7 12. Qd3 Nc6 13. Rb1 Nf6 14. Nf4 O-O 15. Nxe6 Qxe6 {½-½ (79) Lubczynski,R (2432)-Solak,D (2611) Rhodes 2013}) 8. h4 {[%emt 0:03:26]} Nh6 {[%emt 0:00:07]} 9. Bg2 {[%emt 0:00:41]} Nf5 $146 {[%emt 0:00:31]} ({Predecessor:} 9... O-O 10. O-O Ne5 11. Ne3 Nhg4 12. Ncd5 Rb8 13. Rb1 b5 14. cxb5 Rxb5 {½-½ (74) Zhidkov,V (2314)-Balashov,Y (2423) Minsk 2018}) 10. O-O {[%emt 0:03:53]} O-O {[%emt 0:05:11]} 11. e4 {[%emt 0:11:06]} Nfd4 {[%emt 0:00:07]} 12. Be3 {[%emt 0:01:22]} Bg4 {[%emt 0:07:25]} 13. f3 {[%emt 0:02:23]} Nxc2 {[%emt 0:00:37]} 14. Qxc2 {[%emt 0:00:13]} Be6 {[%emt 0:00:06]} 15. b3 {[%emt 0:04:19]} a6 {[%emt 0:08:36]} 16. f4 {[%emt 0:18:53]} Bg4 {[%emt 0:04:46]} 17. Rac1 {[%emt 0:00:31]} Rc8 {[%emt 0:04:53]} 18. Qd2 {[%emt 0:02:07]} Qa5 {[%emt 0:00:26]} 19. Rf2 {[%emt 0:00:55]} Qa3 {[%emt 0:18:46]} 20. Nd5 {[%emt 0:02:00]} e6 {[%emt 0:00:50]} 21. Nb6 {[%emt 0:02:39]} Rcd8 {[%emt 0:00:17]} 22. Rb1 {[%emt 0:18:47]} Nb4 {[%emt 0:03:45]} (22... Qb4 $11) 23. Bd4 {[%emt 0:10:44]} Bxd4 {[%emt 0:02:24]} 24. Qxd4 {[%emt 0:00:01]} Nc6 {[%emt 0:00:35]} 25. Qe3 {[%emt 0:02:25]} Rfe8 {[%emt 0:02:52]} 26. Rd2 $11 {[%emt 0:02:06]} Qc5 {[%emt 0:13:30]} 27. Qxc5 {[%emt 0:02:26]} dxc5 {[%emt 0:00:01]} 28. Rbb2 {[%emt 0:00:01]} e5 {[%emt 0:06:07]} 29. Na4 {[%emt 0:00:42]} b5 {[%emt 0:03:28]} 30. cxb5 {[%emt 0:00:11]} axb5 {[%emt 0:00:04]} 31. Nxc5 {[%emt 0:00:09]} f6 {[%emt 0:01:25]} 32. Kf2 {[%emt 0:00:24]} Nd4 {[%emt 0:00:06]} 33. Nd3 {[%emt 0:01:43]} Kf7 {[%emt 0:00:36]} 34. Ke3 {[%emt 0:01:20]} exf4+ {[%emt 0:00:37]} 35. Nxf4 {[%emt 0:00:28]} Nf5+ {[%emt 0:01:20]} 36. Kf2 {[%emt 0:00:01]} Nd6 {[%emt 0:01:17]} 37. Rd5 {[%emt 0:00:30]} b4 {[%emt 0:01:41]} 38. Rbd2 {[%emt 0:00:28]} Nb7 {[%emt 0:00:12]} 39. Nd3 {[%emt 0:00:41]} Be6 {[%emt 0:00:45]} 40. Rxd8 {[%emt 0:00:16]} Rxd8 {[%emt 0:00:08]} 41. Ke3 {[%emt 0:00:09]} Rb8 {[%emt 0:00:56]} 42. Nxb4 {[%emt 0:00:16]} Nc5 {[%emt 0:00:04]} 43. Nc6 {[%emt 0:00:41]} Rb6 {[%emt 0:00:15]} 44. Rd6 {[%emt 0:01:16]} Ra6 {[%emt 0:01:02]} 45. Nd8+ {[%emt 0:01:09]} Ke7 {[%emt 0:00:05]} 46. Rxa6 {[%emt 0:00:08]} 1-0

[Event "Athens of East GM-Open 2019"]
[Site "Madurai"]
[Date "2019.08.17"]
[Round "9.10"]
[White "Rajesh, V A V"]
[Black "Ram, S. Krishnan"]
[Result "1-0"]
[WhiteElo "2368"]
[BlackElo "2192"]
[Annotator "ChessBase"]
[PlyCount "77"]
[EventDate "2019.08.11"]
[EventType "swiss"]
[EventCountry "IND"]
[SourceTitle "playchess.com"]
[Source "ChessBase"]
[SourceQuality "1"]
[TimeControl "5400+30"]

1. d4 {[%emt 0:00:00]} d5 {[%emt 0:00:00]} 2. c4 {[%emt 0:00:00]} dxc4 {[%emt 0:00:00]} 3. Nf3 {[%emt 0:00:00]} Nf6 {[%emt 0:00:00]} 4. e3 {[%emt 0:00:00]} b5 {[%emt 0:00:00]} 5. a4 {[%emt 0:02:40]} b4 {[%emt 0:00:04]} 6. Bxc4 {[%emt 0:00:24]} e6 {[%emt 0:00:02]} 7. O-O {[%emt 0:08:57]} Be7 {[%emt 0:00:21]} 8. Ne5 {[%emt 0:03:50]} Bb7 {[%emt 0:03:34]} 9. a5 {[%emt 0:00:49]} O-O {[%emt 0:00:16]} 10. Nd2 {[%emt 0:12:13]} c5 {[%emt 0:02:59]} 11. Nb3 {[%emt 0:08:21]} Qc7 {[%emt 0:04:40]} 12. Qe2 {[%emt 0:07:23]} Bd6 {[%emt 0:03:30]} 13. f4 {[%emt 0:02:39]} Ne4 {[%emt 0:17:16]} 14. Bd3 {[%emt 0:04:37]} f6 {[%emt 0:04:50]} 15. Nc4 {[%emt 0:05:10]} Be7 {[%emt 0:03:58]} 16. Qc2 {[%emt 0:03:58]} f5 {[%emt 0:00:16]} 17. Ncd2 {[%emt 0:02:02]} Nxd2 {[%emt 0:56:44]} 18. Bxd2 {[%emt 0:00:08]} Qc6 {[%emt 0:00:00]} 19. Rf2 {[%emt 0:02:41]} cxd4 {[%emt 0:00:00]} 20. Nxd4 {[%emt 0:00:34]} Qxc2 {[%emt 0:00:00]} 21. Nxc2 {[%emt 0:10:50]} b3 {[%emt 0:00:00]} 22. Nd4 {[%emt 0:00:06]} Bd5 {[%emt 0:00:00]} 23. Rc1 {[%emt 0:06:10]} Nd7 {[%emt 0:00:00]} 24. Bc4 {[%emt 0:00:36]} Bxc4 {[%emt 0:00:00]} 25. Rxc4 {[%emt 0:00:04]} Rfc8 {[%emt 0:00:00]} 26. Rxc8+ {[%emt 0:03:08]} Rxc8 {[%emt 0:00:00]} 27. Nxb3 {[%emt 0:00:36]} Rb8 {[%emt 0:00:00]} 28. Nd4 {[%emt 0:01:15]} Rxb2 {[%emt 0:00:00]} 29. Bc3 {[%emt 0:02:17]} Rb1+ {[%emt 0:00:00]} 30. Rf1 {[%emt 0:00:28]} Rxf1+ {[%emt 0:00:00]} 31. Kxf1 {[%emt 0:00:11]} Kf7 {[%emt 0:00:00]} 32. Nc6 {[%emt 0:00:39]} Bc5 {[%emt 0:00:00]} 33. Ke2 {[%emt 0:00:23]} a6 {[%emt 0:00:00]} 34. Kd3 {[%emt 0:00:40]} Bd6 {[%emt 0:00:00]} 35. Kc4 {[%emt 0:03:47]} Nb8 {[%emt 0:00:00]} 36. Nd8+ {[%emt 0:00:21]} Ke7 {[%emt 0:00:00]} 37. Nb7 {[%emt 0:00:04]} Bc7 {[%emt 0:00:00]} 38. Bxg7 {[%emt 0:00:15]} Kd7 {[%emt 0:00:00]} 39. Nc5+ {[%emt 0:00:24]} 1-0

[Event "Athens of East GM-Open 2019"]
[Site "Madurai"]
[Date "2019.08.17"]
[Round "9.11"]
[White "Patil, Pratik"]
[Black "Raja Rithvik R"]
[Result "0-1"]
[WhiteElo "2216"]
[BlackElo "2357"]
[Annotator "ChessBase"]
[PlyCount "70"]
[EventDate "2019.08.11"]
[EventType "swiss"]
[EventCountry "IND"]
[SourceTitle "playchess.com"]
[Source "ChessBase"]
[SourceQuality "1"]
[TimeControl "5400+30"]

1. e4 {[%emt 0:00:00]} e5 {[%emt 0:00:00]} 2. Nf3 {[%emt 0:00:13]} Nc6 {[%emt 0:00:01]} 3. Bc4 {[%emt 0:00:19]} Bc5 {[%emt 0:00:07]} 4. c3 {[%emt 0:00:13]} Nf6 {[%emt 0:00:06]} 5. d3 {[%emt 0:00:12]} O-O {[%emt 0:00:10]} 6. Bb3 {[%emt 0:00:14]} d5 {[%emt 0:00:14]} 7. exd5 {[%emt 0:03:56]} Nxd5 {[%emt 0:00:05]} 8. O-O {[%emt 0:00:20]} Bg4 {[%emt 0:01:49]} 9. h3 {[%emt 0:01:01]} Bh5 {[%emt 0:00:09]} 10. Re1 {[%emt 0:00:56]} f6 {[%emt 0:13:30]} 11. Nbd2 {[%emt 0:09:49]} Kh8 {[%emt 0:01:17]} 12. Ne4 {[%emt 0:03:44]} Bb6 {[%emt 0:01:01]} 13. Ng3 {[%emt 0:11:31]} Bf7 {[%emt 0:00:40]} 14. Nh4 {[%emt 0:06:15]} Qd7 {[%emt 0:08:24]} 15. Qf3 {[%emt 0:09:01]} Rad8 {[%emt 0:09:06]} 16. Ngf5 {[%emt 0:03:58]} g5 {[%emt 0:16:17]} 17. c4 {[%emt 0:01:19]} Nf4 {[%emt 0:05:43]} 18. Bxf4 {[%emt 0:00:12]} exf4 {[%emt 0:00:04]} 19. Ba4 {[%emt 0:00:17]} gxh4 {[%emt 0:05:58]} 20. Qxf4 {[%emt 0:00:29]} Bg6 {[%emt 0:02:00]} 21. Nxh4 {[%emt 0:03:55]} Qg7 {[%emt 0:02:00]} 22. Bxc6 {[%emt 0:04:21]} bxc6 {[%emt 0:00:07]} 23. Nf5 {[%emt 0:00:03]} Bxf5 {[%emt 0:07:15]} 24. Qxf5 {[%emt 0:00:02]} Qg6 {[%emt 0:00:22]} 25. Qf3 {[%emt 0:00:34]} Qxd3 {[%emt 0:04:29]} 26. Qxc6 {[%emt 0:00:08]} Rd6 {[%emt 0:00:28]} 27. Qb5 {[%emt 0:00:03]} Rg8 {[%emt 0:03:04]} 28. Re8 {[%emt 0:00:35]} Bxf2+ {[%emt 0:02:28]} 29. Kxf2 {[%emt 0:01:14]} Qg3+ {[%emt 0:00:03]} 30. Ke2 {[%emt 0:00:27]} Qxg2+ {[%emt 0:00:06]} 31. Ke1 {[%emt 0:03:32]} Qg1+ {[%emt 0:00:05]} 32. Ke2 {[%emt 0:00:05]} Qh2+ {[%emt 0:00:03]} 33. Kf1 {[%emt 0:01:34]} Qxh3+ {[%emt 0:00:07]} 34. Ke2 {[%emt 0:00:18]} Re6+ {[%emt 0:00:25]} 35. Rxe6 {[%emt 0:00:03]} Rg2+ {[%emt 0:00:04]} 0-1

[Event "Athens of East GM-Open 2019"]
[Site "Madurai"]
[Date "2019.08.17"]
[Round "9.12"]
[White "Nitin, S.."]
[Black "Balkishan, A.."]
[Result "1-0"]
[WhiteElo "2385"]
[BlackElo "2177"]
[Annotator "ChessBase"]
[PlyCount "63"]
[EventDate "2019.08.11"]
[EventType "swiss"]
[EventCountry "IND"]
[SourceTitle "playchess.com"]
[Source "ChessBase"]
[SourceQuality "1"]
[TimeControl "5400+30"]

1. e4 {[%emt 0:00:16]} c5 {[%emt 0:07:25]} 2. Nf3 {[%emt 0:00:18]} e6 {[%emt 0:00:17]} 3. d4 {[%emt 0:00:09]} cxd4 {[%emt 0:00:02]} 4. Nxd4 {[%emt 0:00:10]} Nc6 {[%emt 0:00:05]} 5. Nc3 {[%emt 0:02:33]} Qc7 {[%emt 0:00:03]} 6. g3 {[%emt 0:01:09]} a6 {[%emt 0:00:55]} 7. Bg2 {[%emt 0:00:16]} Nf6 {[%emt 0:01:04]} 8. O-O {[%emt 0:00:46]} d6 {[%emt 0:04:39]} 9. Nxc6 {[%emt 0:01:02]} bxc6 {[%emt 0:00:30]} 10. Be3 {[%emt 0:00:18]} Rb8 {[%emt 0:03:55]} 11. Na4 {[%emt 0:02:16]} e5 {[%emt 0:08:52]} 12. c4 {[%emt 0:01:11]} Be6 {[%emt 0:05:48]} 13. b3 {[%emt 0:07:04]} Be7 {[%emt 0:02:58]} 14. Qe2 {[%emt 0:01:24]} Nd7 {[%emt 0:03:13]} 15. Rac1 {[%emt 0:01:14]} c5 {[%emt 0:16:09]} 16. f4 {[%emt 0:00:53]} f6 {[%emt 0:00:59]} 17. Nc3 {[%emt 0:00:17]} O-O {[%emt 0:01:26]} 18. f5 {[%emt 0:00:30]} Bf7 {[%emt 0:00:38]} 19. h4 {[%emt 0:00:42]} Rb7 {[%emt 0:01:14]} 20. g4 {[%emt 0:00:34]} Nb8 {[%emt 0:07:15]} 21. g5 {[%emt 0:00:48]} Nc6 {[%emt 0:04:12]} 22. Bh3 {[%emt 0:01:47]} Kh8 {[%emt 0:04:58]} 23. Qg2 {[%emt 0:01:38]} g6 {[%emt 0:00:56]} 24. fxg6 {[%emt 0:05:33]} Bxg6 {[%emt 0:00:48]} 25. Nd5 {[%emt 0:00:09]} Qd8 {[%emt 0:00:55]} 26. gxf6 {[%emt 0:02:05]} Bxf6 {[%emt 0:03:43]} 27. Nxf6 {[%emt 0:01:25]} Rxf6 {[%emt 0:00:55]} 28. Bg5 {[%emt 0:00:07]} Rbf7 {[%emt 0:03:27]} 29. Rxf6 {[%emt 0:01:40]} Rxf6 {[%emt 0:00:21]} 30. Rf1 {[%emt 0:01:21]} Rxf1+ {[%emt 0:02:16]} 31. Qxf1 {[%emt 0:00:13]} Qc7 {[%emt 0:02:18]} 32. Qf8# {[%emt 0:00:03]} 1-0